000
00375nam a2200133Ia 4500
008
151001s9999||||xx |||||||||||||| ||und||
100
_a
भानुप्रताप शुक्ल
245
_a
समर्पण
250
_a
1
260
_b
भारतीय प्रकाशन संस्था
260
_c
1992
300
_a
127
365
_b
21
999
_c
979362
_d
979359